Obce okresu Teplice - Statistics

General Stats
  • This quiz has been taken 22 times
  • The average score is 14 of 34
Answer Stats
Počet obyvatel Odpověď % Correct
8 071 Dubí
100%
50 959 Teplice
100%
2 004 Hrob
95%
12 779 Krupka
95%
14 580 Bílina
89%
8 685 Duchcov
89%
4 558 Osek
63%
191 Moldava
53%
1 229 Hostomice
47%
536 Ledvice
47%
492 Srbice
47%
3 238 Košťany
42%
912 Kostomlaty pod Milešovkou
42%
691 Lahošť
42%
1 336 Háj u Duchcova
37%
874 Jeníkov
37%
437 Kladruby
37%
2 692 Proboštov
37%
241 Žim
37%
1 144 Modlany
32%
1 935 Bystřany
26%
2 157 Novosedlice
26%
713 Ohníč
26%
835 Rtyně nad Bílinou
26%
874 Újezdeček
26%
326 Měrunice
21%
219 Mikulov
21%
1 160 Zabrušany
21%
498 Žalany
21%
418 Bořislav
16%
917 Bžany
16%
1 112 Hrobčice
11%
972 Světec
11%
133 Lukov
5%
No matching quizzes found
Score Distribution
Percent of People with Each Score
Percentile by Number Answered
Your Score History
You have not taken this quiz